000 00310 a2200121 4500
000 nam a22 7a 4500
100 _aIvy Wright
110 _aIvy Wright
245 _aMachine Learning: Concepts, Tools and Techniques
260 _bStates Academic Press
264 _bStates Academic Press
942 _cBK
999 _c394946
_d394946